Книга тренеров NBA (Запись № 10891508)

Подробности
000 -МАРКЕР
контрольное поле 02047nam0a2200433 4500
001 - ИДЕНТИФИКАТОР ЗАПИСИ
контрольное поле RU\NLR\BIBL_A\011601452
005 - ИДЕНТИФИКАТОР ВЕРСИИ
контрольное поле 20260407162111.0
010 ## - МЕЖДУНАРОДНЫЙ СТАНДАРТНЫЙ НОМЕР КНИГИ (ISBN)
Номер (ISBN) 9785699850242
Тираж 2000
021 ## - НОМЕР ГОСУДАРСТВЕННОЙ РЕГИСТРАЦИИ
Код страны Российская Федерация
Номер 2017-99437
Номер Листа государственной регистраци 7161
035 ## - ДРУГИЕ СИСТЕМНЫЕ НОМЕРА
Идентификатор записи (RuMoRGB)009499982
035 ## - ДРУГИЕ СИСТЕМНЫЕ НОМЕРА
Идентификатор записи (NLR Aleph) 011601452
100 ## - ДАННЫЕ ОБЩЕЙ ОБРАБОТКИ
Данные общей обработки 20180124d2018 km y0rusy50 ca
101 1# - ЯЗЫК РЕСУРСА
Язык текста, звукозаписи и т.д. русский
Язык оригинала английский
102 ## - СТРАНА ПУБЛИКАЦИИ ИЛИ ПРОИЗВОДСТВА
Страна публикации Российская Федерация
105 ## - ПОЛЕ КОДИРОВАННЫХ ДАННЫХ: ТЕКСТОВЫЕ МАТЕРИАЛЫ, МОНОГРАФИЧЕСКИЕ
Кодированные данные о монографическом текстовом документе a z 000zy
200 1# - ЗАГЛАВИЕ И СВЕДЕНИЯ ОБ ОТВЕТСТВЕННОСТИ
Основное заглавие Книга тренеров NBA
Сведения, относящиеся к заглавию техники, тактики и тренерские стратегии от гениев баскетбола
-- [22 самых знаменитых мировых тренера
-- 100 тактических схем
Первые сведения об ответственности Карим Абдул-Джаббар, Джон Бах, Пит Кэррил и др.
Последующие сведения об ответственности редактор Джорджио Гандольфи
-- пер. с англ. Н.А. Андрианова, А.А. Рудницкой]
210 ## - ПУБЛИКАЦИЯ, РАСПРОСТРАНЕНИЕ И ДР.
Место издания, распространения и т.д. Москва
Имя издателя, распространителя и т. д. Э
Дата издания, распространения и т.д. 2018 [т.е. 2017]
215 ## - ФИЗИЧЕСКАЯ ХАРАКТЕРИСТИКА
Специфическое обозначение материала и объем 366 с.
Другие сведения о физической характеристике ил., табл.
Размеры 29
225 1# - СЕРИЯ
Основное заглавие серии Спорт
Сведения, относящиеся к заглавию лучший мировой опыт
225 1# - СЕРИЯ
Основное заглавие серии Bestseller amazon.com
300 ## - ОБЩИЕ ПРИМЕЧАНИЯ
Текст примечания Авт. указаны на 13-15-й с.
300 ## - ОБЩИЕ ПРИМЕЧАНИЯ
Текст примечания Кн. фактически изд. в 2017 г.
320 ## - ПРИМЕЧАНИЯ О НАЛИЧИИ В ДОКУМЕНТЕ БИБЛИОГРАФИИ / УКАЗАТЕЛЯ
Текст примечания Алф. указ.: с. 361-366
333 ## - ПРИМЕЧАНИЯ ОБ ОСОБЕННОСТЯХ РАСПРОСТРАНЕНИЯ И ИСПОЛЬЗОВАНИЯ
Текст примечания 12+
606 1# - НАИМЕНОВАНИЕ ТЕМЫ КАК ПРЕДМЕТ
Наименование темы Баскетбол
Тематический подзаголовок Тренировка
Системный номер авторитетной/нормативной записи 1099623
Идентификатор авторитетной/нормативной записи RU\NLR\AUTH\66113273
686 ## - ИНДЕКСЫ ДРУГИХ КЛАССИФИКАЦИЙ
Индекс Ч515.661.1,07
Код системы
686 1# - ИНДЕКСЫ ДРУГИХ КЛАССИФИКАЦИЙ
Индекс Ч515.661.5
701 #1 - ИМЯ ЛИЦА - АЛЬТЕРНАТИВНАЯ ОТВЕТСТВЕННОСТЬ
Графика поля Кириллица
Материалы, к которым относится поле rus
Начальный элемент ввода Абдул-Джаббар
Часть имени, кроме начального элемента ввода К.
Даты 1947-
Расширение инициалов личного имени Карим
Системный номер авторитетной/нормативной записи 184684
Идентификатор авторитетной/нормативной записи RU\NLR\AUTH\770184735
701 #1 - ИМЯ ЛИЦА - АЛЬТЕРНАТИВНАЯ ОТВЕТСТВЕННОСТЬ
Начальный элемент ввода Бах
Часть имени, кроме начального элемента ввода Д.
Расширение инициалов личного имени Джон
701 #1 - ИМЯ ЛИЦА - АЛЬТЕРНАТИВНАЯ ОТВЕТСТВЕННОСТЬ
Начальный элемент ввода Кэррил
Часть имени, кроме начального элемента ввода П.
Расширение инициалов личного имени Пит
702 #1 - ИМЯ ЛИЦА - ВТОРИЧНАЯ ОТВЕТСТВЕННОСТЬ
Начальный элемент ввода Гандольфи
Часть имени, кроме начального элемента ввода Д.
Расширение инициалов личного имени Джорджио
Код отношения Редактор
711 02 - НАИМЕНОВАНИЕ ОРГАНИЗАЦИИ - АЛЬТЕРНАТИВНАЯ ОТВЕТСТВЕННОСТЬ
Начальный элемент ввода Национальная баскетбольная ассоциация
Идентифицирующий признак США
Идентификатор авторитетной/нормативной записи RU\NLR\AUTH\8810100340
Системный номер авторитетной/нормативной записи 701694
942 ## - ДОПОЛНИТЕЛЬНЫЕ ЭЛЕМЕНТЫ ЗАПИСИ (АБИС)
Тип экземпляра АБИС Книга
980 ## - КОЛЛЕКЦИЯ
Название коллекции НБР

Нет доступных экземпляров.